A history of Assam / (Record no. 178529)

MARC details
000 -LEADER
fixed length control field 00668nam a22001937a 4500
005 - DATE AND TIME OF LATEST TRANSACTION
control field 20210405165405.0
010 ## - LCCN (DPL NO)
LC control number B-738729
020 ## - INTERNATIONAL STANDARD BOOK NUMBER
International Standard Book Number 9788183440462
035 ## - SYSTEM CONTROL NUMBER
System control number B-738729
037 ## - SOURCE OF ACQUISITION
Source of stock number/acquisition Gift
082 ## - DEWEY DECIMAL CLASSIFICATION NUMBER
Classification number 954.51
100 ## - MAIN ENTRY--PERSONAL NAME
Personal name Gait, Edward Albert
245 ## - TITLE STATEMENT
Title A history of Assam /
Statement of responsibility, etc by Edward Albert Gait
260 ## - PUBLICATION, DISTRIBUTION, ETC. (IMPRINT)
Name of publisher, distributor, etc Spectrum Publications
Date of publication, distribution, etc 2011
Place of publication, distribution, etc Assam
270 ## - ADDRESS
Address Panbazar Main Road, Post Box No. 45, Guwahati
City Assam
Postal code 781001
300 ## - PHYSICAL DESCRIPTION
Extent xiv, 388p.
Dimensions 22cm(Hb)
942 ## - ADDED ENTRY ELEMENTS (KOHA)
Source of classification or shelving scheme Dewey Decimal Classification
Item type English Books
Classification part 954.51
Call number suffix GAI
Holdings
Withdrawn status Lost status Not for loan Collection code Home library Current library Date acquired Source of acquisition Full call number Barcode Copy number Koha item type
      Non-fiction Central Library Central Library 05/04/2021 Gift/Eng/26-02-2021 954.51 GAI B-738729 1 English Books

© Delhi Public Library
Hit Counter
free hit counter